000 01180nam a2200277 a 4500
001 ebr10591653
003 CaPaEBR
006 m u
007 cr cn|||||||||
008 121211s1985 gw sb 001 0 lat d
020 _z9783598714610
020 _z9783110951165 (e-book)
040 _aCaPaEBR
_cCaPaEBR
035 _a(OCoLC)823746943
050 1 4 _aKJA190
_b.I97 1985eb
245 0 0 _aIurisprudentiae Antehadrianae Quae Supersunt
_h[electronic resource] .
_nPars Altera,
_pPrimi Post Principatum Constitutum Saeculi Iuris Consulti.
_nSectio Altera /
_cEdidit F.P. Bremer.
260 _aLipsiae :
_bIn Aedibus B.G. Teubneri,
_c1985.
300 _axxvi, 639 p.
504 _aIncludes bibliographical references and index.
533 _aElectronic reproduction.
_bPalo Alto, Calif. :
_cebrary,
_d2011.
_nAvailable via World Wide Web.
_nAccess may be limited to ebrary affiliated libraries.
650 0 _aRoman law
_xHistory
_vSources.
655 7 _aElectronic books.
_2local
700 1 _aBremer, F. P.
710 2 _aebrary, Inc.
856 4 0 _uhttp://site.ebrary.com/lib/rucke/Doc?id=10591653
_zAn electronic book accessible through the World Wide Web; click to view
999 _c106392
_d106392